Zur theologie der ehe
সংরক্ষণ করুন:
| প্রধান লেখক: | |
|---|---|
| বিন্যাস: | গ্রন্থ |
| ভাষা: | জার্মান |
| প্রকাশিত: |
Múnich
Kral
1986
|
| সংস্করন: | 1a. ed |
| মালা: | Respondeo, 6
|
| বিষয়গুলি: | |
| ট্যাগগুলো: |
ট্যাগ যুক্ত করুন
কোনো ট্যাগ নেই, প্রথমজন হিসাবে ট্যাগ করুন!
|
MARC
| LEADER | 00000cam a2200000 a 4500 | ||
|---|---|---|---|
| 001 | UCE6937 | ||
| 003 | CL-VaPUC | ||
| 008 | 150514e19860000gw |||||||||||||||||ger|d | ||
| 020 | |a 3874420213 | ||
| 082 | 0 | 4 | |a 234.165 |b SCH |2 21 |
| 100 | 0 | |a Scheffczyk, Leo |e author |9 579651 | |
| 245 | 1 | 0 | |a Zur theologie der ehe |
| 250 | |a 1a. ed | ||
| 300 | |a 72 p | ||
| 942 | |c BK | ||
| 945 | |d 20150514 13:01:00 |a arojas | ||
| 260 | |a Múnich |b Kral |c 1986 | ||
| 650 | 7 | |a MATRIMONIO |2 CL-VaPUC |9 579652 | |
| 650 | 0 | |a Sacramentos |9 257270 | |
| 650 | 7 | |a ENSEÑANZA BIBLICA |2 CL-VaPUC |9 320049 | |
| 583 | |a last modification |c 20171003 11:59:30 |k Rodrigo Vera | ||
| 490 | 0 | |a Respondeo, 6 | |
| 999 | |c 359108 |d 359106 | ||
| 952 | |0 0 |1 0 |3 erb |4 0 |6 234_165000000000000_SCH_1986 |7 0 |8 A |9 468138 |a BIBTEO |b BIBTEO |e Casale Rolle, Carlos Ignacio, -2014 |i 5173248 |o 234.165 SCH 1986 |p 5173248 |r 2025-01-17 |w 2019-11-23 |y BK |z Catalogado en:20150514 |k ICR | ||